Normal view
MARC view
Entry Personal Name
001 - CONTROL NUMBER
- control field: 149502
003 - CONTROL NUMBER IDENTIFIER
- control field: OSt
005 - DATE AND TIME OF LATEST TRANSACTION
- control field: 20240201162235.0
008 - FIXED-LENGTH DATA ELEMENTS
- fixed length control field: 240201|| aca||aabn | a|a d
040 ## - CATALOGING SOURCE
- Original cataloging agency: OSt
- Transcribing agency: OSt
100 ## - HEADING--PERSONAL NAME
- Personal name: ROITT (Ivan M)
670 ## - SOURCE DATA FOUND
- Source citation: Work cat.: (OSt): Peter J Delves...[et.al] 149495, Roitts Essential Immunology:, 2017